Participation in liberal democracy: the political assimilation of immigrants and ethnic minorities in the United States (Record no. 41799)

000 -LEADER
fixed length control field 01350pab a2200181 454500
008 - FIXED-LENGTH DATA ELEMENTS--GENERAL INFORMATION
fixed length control field 180718b1999 xxu||||| |||| 00| 0 eng d
100 ## - MAIN ENTRY--PERSONAL NAME
Personal name Junn, Jane
245 ## - TITLE STATEMENT
Title Participation in liberal democracy: the political assimilation of immigrants and ethnic minorities in the United States
260 ## - PUBLICATION, DISTRIBUTION, ETC.
Date of publication, distribution, etc. 1999
300 ## - PHYSICAL DESCRIPTION
Extent p.1417-438
362 ## - DATES OF PUBLICATION AND/OR SEQUENTIAL DESIGNATION
Dates of publication and/or sequential designation Jun-Jul
520 ## - SUMMARY, ETC.
Summary, etc. This article compares patterns of participatory behavior in politics among immigrants and ethnic minorities in the United States. Differences in rates of participation in a range of political activities from system-directed acts, such as voting and contacting officials, to more direct forms of participation, such as protesting are analyzed for Whites, African Americans, Latinos, and Asian Americans, as well as by generation of immigration within groups. The extent to which standard socioeconomic status models of participatory behavior explain variation in political activity across ethnic and racial groups is assessed. In so doing, the article challenges the normative interpretation of the results from these standard models that more participation among minorities and new entrants to the United States is desirable. - Reproduced
650 ## - SUBJECT ADDED ENTRY--TOPICAL TERM
Topical term or geographic name entry element Immigrants
650 ## - SUBJECT ADDED ENTRY--TOPICAL TERM
Topical term or geographic name entry element Ethnic groups
650 ## - SUBJECT ADDED ENTRY--TOPICAL TERM
Topical term or geographic name entry element Immigration
773 ## - HOST ITEM ENTRY
Main entry heading American Behavioral Scientist
909 ## -
-- 41799
Holdings
Withdrawn status Lost status Damaged status Not for loan Permanent Location Current Location Date acquired Serial Enumeration / chronology Barcode Date last seen Price effective from Koha item type
        Indian Institute of Public Administration Indian Institute of Public Administration 2018-07-19 Volume no: 42, Issue no: 9 AR42176 2018-07-19 2018-07-19 Articles

Powered by Koha